[Event "4MCR_4D_1L_1S"]
[Site "CR"]
[Date "2000.??.??"]
[Round "?"]
[White "Hrdy, Roman"]
[Black "Dufek, Jiri"]
[Result "1/2-1/2"]
[WhiteElo "2230"]
[BlackElo "2400"]
[PlyCount "68"]
[EventDate "2000.??.??"]
[EventType "tourn (corr)"]

1. d4 Nf6 2. c4 g6 3. Nc3 d5 4. cxd5 Nxd5 5. e4 Nxc3 6. bxc3 Bg7 7. Be3 c5 8.
Bc4 Nc6 9. Ne2 O-O 10. O-O Qc7 11. Rc1 Rd8 12. Qa4 Bd7 13. Qa3 Bf8 14. f4 e6
15. Qb2 Na5 16. Bd3 b5 17. f5 exf5 18. Bg5 Re8 19. exf5 Nc4 20. Bxc4 bxc4 21.
fxg6 fxg6 22. Qd2 Bf5 23. Bf4 Qd7 24. Rfe1 Bg7 25. Rcd1 cxd4 26. Nxd4 Bd3 27.
Nf3 Qf5 28. Bh6 Bh8 29. Be3 Be4 30. Rf1 Qd5 31. Bd4 Bxf3 32. Rxf3 Rad8 33. Re3
Bxd4 34. cxd4 Rxe3 1/2-1/2

[Event "4MCR_4D_1L_1S"]
[Site "CR"]
[Date "2000.??.??"]
[Round "?"]
[White "Hrdy, Roman"]
[Black "Hostinsky, Jiri"]
[Result "1/2-1/2"]
[WhiteElo "2230"]
[BlackElo "2420"]
[PlyCount "87"]
[EventDate "2000.??.??"]
[EventType "tourn (corr)"]

1. Nf3 d6 2. c4 g6 3. d4 Nf6 4. Nc3 Bg7 5. e4 O-O 6. Be2 e5 7. O-O Qe8 8. dxe5
dxe5 9. Qc2 Na6 10. Nd5 b6 11. Rd1 c6 12. Nxf6+ Bxf6 13. a3 Bb7 14. Bh6 Bg7 15.
Bxg7 Kxg7 16. Rd6 c5 17. Rad1 f6 18. Ne1 h5 19. Qd3 Nc7 20. Qg3 Ne6 21. Bxh5
Nd4 22. Nc2 Bxe4 23. Nxd4 cxd4 24. Re1 Bf5 25. f4 exf4 26. Qh4 Qf7 27. Qxf4
Rae8 28. Rxe8 Qxe8 29. Qxf5 Qe3+ 30. Qf2 Qc1+ 31. Qf1 Qe3+ 32. Kh1 gxh5 33. h3
Qd2 34. Qf3 Qe1+ 35. Kh2 Qe5+ 36. Qg3+ Kh7 37. Rd7+ Kh6 38. h4 Rg8 39. Qxe5
fxe5 40. Re7 d3 41. Rxe5 Rd8 42. Re1 Kg6 43. Kg3 Rd4 44. Rd1 1/2-1/2

[Event "4MCR_4D_1L_1S"]
[Site "CR"]
[Date "2000.??.??"]
[Round "?"]
[White "Hrdy, Roman"]
[Black "Janous, Petr"]
[Result "1-0"]
[WhiteElo "2230"]
[BlackElo "2195"]
[PlyCount "63"]
[EventDate "2000.??.??"]
[EventType "tourn (corr)"]

1. Nf3 d5 2. c4 e6 3. d4 c6 4. Nc3 Nf6 5. Bg5 dxc4 6. e4 b5 7. e5 h6 8. Bh4 g5
9. Nxg5 hxg5 10. Bxg5 Nbd7 11. g3 Qa5 12. exf6 Ba6 13. Qf3 b4 14. Ne4 O-O-O 15.
Be3 Nb6 16. Be2 Kb7 17. O-O Qd5 18. Rfc1 Bb5 19. Rc2 a5 20. Rac1 a4 21. Qg4 Ra8
22. Ng5 Qd7 23. Nf3 b3 24. axb3 axb3 25. Ne5 Qe8 26. Rd2 Ra4 27. Rdd1 Bd6 28.
Ra1 Rxa1 29. Rxa1 Rh7 30. Ra5 Rh8 31. Qe4 Kb8 32. Bf4 1-0

[Event "4MCR_4D_1L_1S"]
[Site "CR"]
[Date "2000.??.??"]
[Round "?"]
[White "Hrdy, Roman"]
[Black "Merlicek, Jiri"]
[Result "1/2-1/2"]
[WhiteElo "2230"]
[BlackElo "2380"]
[PlyCount "46"]
[EventDate "2000.??.??"]
[EventType "tourn (corr)"]

1. Nf3 Nf6 2. c4 e6 3. d4 d5 4. Nc3 c6 5. Bg5 h6 6. Bxf6 Qxf6 7. e3 Nd7 8. Bd3
dxc4 9. Bxc4 g6 10. O-O Bg7 11. Rc1 O-O 12. Qc2 b6 13. e4 Bb7 14. Rfd1 Rfd8 15.
e5 Qe7 16. Qe4 Rab8 17. Qf4 c5 18. d5 g5 19. Qg3 exd5 20. Nxd5 Bxd5 21. Rxd5 b5
22. Bf1 c4 23. b3 Nb6 1/2-1/2

[Event "4MCR_4D_1L_1S"]
[Site "CR"]
[Date "2000.??.??"]
[Round "?"]
[White "Hrdy, Roman"]
[Black "Necesany, Zdenek"]
[Result "1/2-1/2"]
[WhiteElo "2230"]
[BlackElo "2195"]
[PlyCount "79"]
[EventDate "2000.??.??"]
[EventType "tourn (corr)"]

1. Nf3 d5 2. c4 e6 3. d4 Nf6 4. Nc3 Bb4 5. cxd5 exd5 6. Qb3 Qd6 7. Bg5 Ne4 8.
e3 Nxg5 9. Nxg5 h6 10. Nf3 O-O 11. Bd3 c6 12. O-O Nd7 13. e4 Bxc3 14. bxc3 dxe4
15. Bxe4 Nb6 16. Rfe1 Be6 17. Qc2 Rfe8 18. Ne5 Nc4 19. Bd3 Nxe5 20. Rxe5 Re7
21. Rae1 Rae8 22. Qe2 Kf8 23. h3 Qa3 24. Qd2 b6 25. R1e2 Qd6 26. Qf4 Kg8 27.
Qe3 Kf8 28. Qf4 a5 29. g4 Bd7 30. Bc4 g5 31. Qe4 Qf6 32. Re3 Rxe5 33. dxe5 Qg6
34. Qd4 Qb1+ 35. Kh2 Be6 36. Qd6+ Kg8 37. Qxc6 Rc8 38. Bd3 Qxa2 39. Qf3 a4 40.
Qf6 1/2-1/2

[Event "4MCR_4D_1L_1S"]
[Site "CR"]
[Date "2000.??.??"]
[Round "?"]
[White "Hrdy, Roman"]
[Black "Nemec, Jaroslav"]
[Result "1/2-1/2"]
[WhiteElo "2230"]
[BlackElo "2320"]
[PlyCount "72"]
[EventDate "2000.??.??"]
[EventType "tourn (corr)"]

1. Nf3 Nf6 2. c4 e6 3. d4 d5 4. Nc3 c6 5. Bg5 h6 6. Bxf6 Qxf6 7. e3 Nd7 8. Bd3
dxc4 9. Bxc4 g6 10. O-O Bg7 11. Rc1 O-O 12. Bb3 Rd8 13. Qc2 Qe7 14. Ne4 e5 15.
Rfe1 Nf8 16. dxe5 Bxe5 17. Nxe5 Qxe5 18. Nc5 b6 19. Nd3 Qe8 20. Nf4 Rd6 21.
Red1 Rxd1+ 22. Rxd1 Bf5 23. Qc3 Ne6 24. Qf6 Rd8 25. Re1 Rd2 26. Nh5 Qd7 27.
Qxf5 gxf5 28. Nf6+ Kg7 29. Nxd7 Rxd7 30. Kf1 c5 31. g3 b5 32. Rd1 Rxd1+ 33.
Bxd1 c4 34. b3 cxb3 35. Bxb3 Nc5 36. Bc2 Kf6 1/2-1/2

[Event "4MCR_4D_1L_1S"]
[Site "CR"]
[Date "2000.??.??"]
[Round "?"]
[White "Hrdy, Roman"]
[Black "Omelka, Roman"]
[Result "1/2-1/2"]
[WhiteElo "2230"]
[BlackElo "2260"]
[PlyCount "80"]
[EventDate "2000.??.??"]
[EventType "tourn (corr)"]

1. e4 d6 2. d4 Nf6 3. Nc3 g6 4. f4 Bg7 5. Nf3 c5 6. dxc5 Qa5 7. Bd3 Qxc5 8. Qe2
O-O 9. Be3 Qa5 10. O-O Bg4 11. h3 Bxf3 12. Qxf3 Nc6 13. a3 Nd7 14. Bd2 Qb6+ 15.
Kh1 Nc5 16. b4 Nxd3 17. Qxd3 Qd4 18. f5 Rfe8 19. Rac1 Rac8 20. Ne2 Qb2 21. fxg6
hxg6 22. Qd5 e6 23. Qxd6 Ne5 24. Bf4 Red8 25. Qe7 Rd7 26. Qg5 Nc4 27. Qb5 Re7
28. Rfd1 e5 29. Bg5 Nxa3 30. Qd3 Rec7 31. c3 a6 32. Qf3 Nb5 33. Rd3 b6 34. Rf1
Qb3 35. Bd8 Rc6 36. Rd5 f6 37. Rfd1 Nxc3 38. Nxc3 Rxc3 39. Qg4 f5 40. Qxg6
Rxh3+ 1/2-1/2

[Event "4MCR_4D_1L_1S"]
[Site "CR"]
[Date "2000.??.??"]
[Round "?"]
[White "Janous, Petr"]
[Black "Boukal, Petr"]
[Result "1/2-1/2"]
[WhiteElo "2195"]
[BlackElo "2450"]
[PlyCount "49"]
[EventDate "2000.??.??"]
[EventType "tourn (corr)"]

1. e4 e6 2. d4 d5 3. exd5 exd5 4. Nf3 Nf6 5. Bd3 Be7 6. O-O O-O 7. h3 Nbd7 8.
Re1 Re8 9. c3 Bd6 10. Rxe8+ Qxe8 11. Qc2 h6 12. b3 Qe7 13. a4 Nf8 14. Ba3 Bxa3
15. Nxa3 Ne6 16. Qe2 Bd7 17. Nc2 Qd6 18. a5 Nf4 19. Qe3 Nxd3 20. Qxd3 Re8 21.
Ne5 Ne4 22. Re1 a6 23. Nxd7 Qxd7 24. f3 Nf6 25. Rxe8+ 1/2-1/2

[Event "4MCR_4D_1L_1S"]
[Site "CR"]
[Date "2000.??.??"]
[Round "?"]
[White "Janous, Petr"]
[Black "Hlavac, Rudolf"]
[Result "1/2-1/2"]
[WhiteElo "2195"]
[BlackElo "2325"]
[PlyCount "65"]
[EventDate "2000.??.??"]
[EventType "tourn (corr)"]

1. e4 c5 2. Nf3 Nc6 3. d4 cxd4 4. Nxd4 Nf6 5. Nc3 e5 6. Ndb5 d6 7. Bg5 a6 8.
Na3 b5 9. Bxf6 gxf6 10. Nd5 f5 11. c3 Bg7 12. exf5 Bxf5 13. Nc2 Ne7 14. Nce3
Be6 15. a4 Nxd5 16. Nxd5 O-O 17. Be2 bxa4 18. Rxa4 a5 19. O-O Kh8 20. Qd2 Rb8
21. b4 axb4 22. cxb4 Qh4 23. Ra6 Bxd5 24. Qxd5 Rxb4 25. Rxd6 Rd4 26. Qc6 Rxd6
27. Qxd6 Qd8 28. Qc6 Qd2 29. Qc4 Rd8 30. g3 f5 31. Rd1 Qg5 32. Rxd8+ Qxd8 33.
Qe6 1/2-1/2

[Event "4MCR_4D_1L_1S"]
[Site "CR"]
[Date "2000.??.??"]
[Round "?"]
[White "Janous, Petr"]
[Black "Krouzel, Jaroslav"]
[Result "1-0"]
[WhiteElo "2195"]
[BlackElo "2405"]
[PlyCount "81"]
[EventDate "2000.??.??"]
[EventType "tourn (corr)"]

1. e4 e6 2. d4 d5 3. Nc3 Bb4 4. e5 c5 5. a3 Bxc3+ 6. bxc3 Ne7 7. Nf3 b6 8. a4
Ba6 9. Bxa6 Nxa6 10. O-O Nb8 11. Ng5 h6 12. Qh5 g6 13. Qh3 cxd4 14. cxd4 Nbc6
15. Nf3 Kd7 16. Bd2 Rc8 17. Rfc1 Nf5 18. c4 dxc4 19. Rxc4 Nce7 20. Rxc8 Kxc8
21. a5 b5 22. a6 Nd5 23. Ba5 Qd7 24. g4 Nfe7 25. Rb1 Nc7 26. Nd2 Ned5 27. Ne4
Qc6 28. Qf3 Qxa6 29. Bxc7 Nxc7 30. Qxf7 Qc6 31. Qxg6 Kb7 32. d5 exd5 33. Nd6+
Kb6 34. Qg7 Qc2 35. Ra1 Qb2 36. Rf1 Rb8 37. Qxh6 Ka5 38. Qe3 d4 39. Qe4 Qc3 40.
e6 Ne8 41. Qe5 1-0

[Event "4MCR_4D_1L_1S"]
[Site "CR"]
[Date "2000.??.??"]
[Round "?"]
[White "Janous, Petr"]
[Black "Pospisil, Ludvik"]
[Result "0-1"]
[WhiteElo "2195"]
[BlackElo "2330"]
[PlyCount "116"]
[EventDate "2000.??.??"]
[EventType "tourn (corr)"]

1. e4 e5 2. Nf3 Nc6 3. Bb5 a6 4. Ba4 Nf6 5. O-O Be7 6. Re1 b5 7. Bb3 d6 8. c3
O-O 9. d4 Bg4 10. Be3 exd4 11. cxd4 d5 12. e5 Ne4 13. h3 Bh5 14. Nc3 Nxc3 15.
bxc3 Na5 16. Bc2 Nc4 17. Bf4 Qd7 18. Qb1 Kh8 19. Bf5 Qc6 20. Nh2 Bg6 21. Bxg6
fxg6 22. Be3 a5 23. Qd3 b4 24. Rec1 Qe6 25. Nf1 c5 26. dxc5 Nxe5 27. Qc2 Nc6
28. Rab1 Bf6 29. Bd2 bxc3 30. Bxc3 Nd4 31. Bxd4 Bxd4 32. Qd2 Bxf2+ 33. Kh1 Bh4
34. c6 Qe4 35. Rb5 d4 36. Qb2 Rac8 37. Qb1 d3 38. Rb2 Bf6 39. Rb3 Bg5 40. Re1
Qxc6 41. Qxd3 Bh4 42. Ng3 a4 43. Ra3 Rcd8 44. Qb1 Rd2 45. Re2 Rxe2 46. Nxe2 Be7
47. Rc3 Qe6 48. Ng1 h6 49. Rc2 Bd6 50. Qd1 Qe5 51. Nf3 Qg3 52. Qe2 a3 53. Qe6
Bc7 54. Qe3 Kh7 55. Re2 Rb8 56. Qc1 Bf4 57. Qc2 Rb2 58. Qd1 Bb8 0-1

[Event "4MCR_4D_1L_1S"]
[Site "CR"]
[Date "2000.??.??"]
[Round "?"]
[White "Janous, Petr"]
[Black "Rybak, Milan"]
[Result "1/2-1/2"]
[WhiteElo "2195"]
[BlackElo "2445"]
[PlyCount "49"]
[EventDate "2000.??.??"]
[EventType "tourn (corr)"]

1. e4 e5 2. Nf3 Nc6 3. Bb5 f5 4. d3 fxe4 5. dxe4 Nf6 6. O-O Bc5 7. Qe2 d6 8.
Qc4 Qe7 9. Nc3 Bd7 10. Nd5 Nxd5 11. exd5 Nd4 12. Bxd7+ Qxd7 13. Nxd4 Bxd4 14.
Be3 Bxe3 15. fxe3 O-O-O 16. a4 Rdf8 17. Rxf8+ Rxf8 18. Rf1 Rxf1+ 19. Qxf1 Qg4
20. a5 a6 21. Qf8+ Kd7 22. h3 Qg6 23. c3 h5 24. h4 Qg4 25. Qf7+ 1/2-1/2

[Event "4MCR_4D_1L_1S"]
[Site "CR"]
[Date "2000.??.??"]
[Round "?"]
[White "Janous, Petr"]
[Black "Spal, Milan"]
[Result "1-0"]
[WhiteElo "2195"]
[BlackElo "2440"]
[PlyCount "57"]
[EventDate "2000.??.??"]
[EventType "tourn (corr)"]

1. e4 Nf6 2. e5 Nd5 3. d4 d6 4. Nf3 Nc6 5. c4 Nb6 6. exd6 exd6 7. d5 Ne5 8.
Nxe5 dxe5 9. Be3 Bb4+ 10. Nd2 O-O 11. a3 Be7 12. Be2 Bg5 13. Qb3 c6 14. dxc6
bxc6 15. O-O Bxe3 16. Qxe3 Qc7 17. b4 Be6 18. Rac1 Rfd8 19. Nb3 f6 20. f4 Bf7
21. fxe5 Re8 22. Na5 Rad8 23. Bf3 Rxe5 24. Qf4 Be8 25. Rce1 Qe7 26. Rxe5 fxe5
27. Qe3 Rc8 28. Re1 c5 29. Bb7 1-0

[Event "4MCR_4D_1L_1S"]
[Site "CR"]
[Date "2000.??.??"]
[Round "?"]
[White "Janous, Petr"]
[Black "Straka, Zdenek"]
[Result "1/2-1/2"]
[WhiteElo "2219"]
[BlackElo "2305"]
[PlyCount "54"]
[EventDate "2000.??.??"]
[EventType "tourn (corr)"]

1. e4 e5 2. Nf3 Nc6 3. Bb5 a6 4. Bxc6 dxc6 5. O-O Qd6 6. d3 Be6 7. Ng5 Bd7 8.
Be3 f6 9. Nf3 Qe6 10. Nbd2 Ne7 11. d4 Ng6 12. c4 Be7 13. a3 O-O 14. Qc2 Rad8
15. Rad1 Qg4 16. c5 Be6 17. Qc3 Qh5 18. Rfe1 f5 19. exf5 Rxf5 20. dxe5 Bd5 21.
e6 Rdf8 22. Nd4 Nh4 23. Nxf5 Qxf5 24. f3 Nxg2 25. Kxg2 Qg4+ 26. Kf1 Bxf3 27.
Nxf3 Qxf3+ 1/2-1/2

[Event "4MCR_4D_1L_1S"]
[Site "CR"]
[Date "2000.??.??"]
[Round "?"]
[White "Krouzel, Jaroslav"]
[Black "Hrdy, Roman"]
[Result "1-0"]
[WhiteElo "2405"]
[BlackElo "2230"]
[PlyCount "113"]
[EventDate "2000.??.??"]
[EventType "tourn (corr)"]

1. d4 Nf6 2. c4 g6 3. Nc3 Bg7 4. e4 d6 5. Be2 c5 6. d5 e6 7. Bg5 O-O 8. Qd2
exd5 9. exd5 Re8 10. Nf3 Bg4 11. O-O Qb6 12. h3 Bxf3 13. Bxf3 a6 14. Rab1 Nbd7
15. Qc2 Re5 16. Bh4 Rae8 17. Be2 h6 18. Bd3 Qc7 19. a4 b6 20. f4 Re3 21. Kh2
Qd8 22. Bf2 R3e7 23. g4 Nh7 24. Bh4 Bf6 25. Bg3 Re3 26. Bf2 R3e7 27. Ne4 Qc7
28. Nxf6+ Ndxf6 29. Rbe1 Rxe1 30. Rxe1 Rxe1 31. Bxe1 Qe7 32. Qd2 a5 33. Kg2 Nd7
34. Qf2 Kg7 35. Bc3+ f6 36. h4 Nhf8 37. h5 g5 38. fxg5 hxg5 39. b3 Ne5 40. Bf5
Kh6 41. Qe1 Kg7 42. Qe4 Qe8 43. Kf2 Kh6 44. Qe2 Kg7 45. Bc2 Qd7 46. Kg3 Kh6 47.
Qe4 Kg7 48. Qf5 Qxf5 49. Bxf5 Nfd7 50. Kf2 Nb8 51. Bxe5 fxe5 52. Bc8 Kf7 53.
Kf3 Kg7 54. Ke4 Kf6 55. h6 Kg6 56. h7 Kxh7 57. Kf5 1-0

[Event "4MCR_4D_1L_1S"]
[Site "CR"]
[Date "2000.??.??"]
[Round "?"]
[White "Krouzel, Jaroslav"]
[Black "Necesany, Zdenek"]
[Result "1-0"]
[WhiteElo "2405"]
[BlackElo "2195"]
[PlyCount "87"]
[EventDate "2000.??.??"]
[EventType "tourn (corr)"]

1. d4 Nf6 2. c4 e6 3. Nc3 Bb4 4. e3 O-O 5. Nge2 d5 6. a3 Be7 7. cxd5 exd5 8. g3
c6 9. Bg2 Na6 10. O-O Bg4 11. f3 Bh5 12. Nf4 Bg6 13. e4 Nc7 14. e5 Nd7 15. Nxg6
hxg6 16. f4 Nb6 17. b3 Qd7 18. Be3 f5 19. Qd3 Ne6 20. h4 a5 21. a4 Rad8 22. Kh2
Na8 23. Rad1 Nac7 24. Bf3 Na6 25. Kg2 Nb4 26. Qd2 Rc8 27. Rh1 Kf7 28. g4 Rh8
29. h5 Nf8 30. Qe2 Re8 31. Kf2 gxh5 32. gxf5 Qxf5 33. Bxh5+ g6 34. Bg4 Rxh1 35.
Rxh1 Qc2 36. Qxc2 Nxc2 37. f5 Bb4 38. Ne2 Nxe3 39. Kxe3 b6 40. Nf4 Kg8 41. f6
g5 42. Nh3 Nh7 43. Kd3 c5 44. Bd7 1-0

[Event "4MCR_4D_1L_1S"]
[Site "CR"]
[Date "2000.??.??"]
[Round "?"]
[White "Krouzel, Jaroslav"]
[Black "Nemec, Jaroslav"]
[Result "0-1"]
[WhiteElo "2405"]
[BlackElo "2320"]
[PlyCount "28"]
[EventDate "2000.??.??"]
[EventType "tourn (corr)"]

1. d4 d5 2. c4 c6 3. Nf3 Nf6 4. Nc3 e6 5. cxd5 exd5 6. Bg5 Be7 7. Qc2 Na6 8. a3
Nc7 9. e3 Ne6 10. Bh4 g6 11. Bd3 Ng7 12. Qb3 O-O 13. O-O Ne4 14. Rfc1 Bxh4 0-1

[Event "4MCR_4D_1L_1S"]
[Site "CR"]
[Date "2000.??.??"]
[Round "?"]
[White "Krouzel, Jaroslav"]
[Black "Pospisil, Ludvik"]
[Result "1/2-1/2"]
[WhiteElo "2405"]
[BlackElo "2330"]
[PlyCount "60"]
[EventDate "2000.??.??"]
[EventType "tourn (corr)"]

1. d4 d5 2. c4 e6 3. Nc3 c6 4. cxd5 exd5 5. Nf3 Bd6 6. Bg5 Ne7 7. e3 Qb6 8. Qd2
Be6 9. Bd3 Nd7 10. O-O Bg4 11. Nh4 h6 12. Bxe7 Bxe7 13. Nf5 Bxf5 14. Bxf5 Nf6
15. a3 g6 16. Bd3 O-O 17. b4 a6 18. Qe2 Kg7 19. Qf3 Bd6 20. Rfb1 Nh7 21. h4 Qc7
22. g3 Qe7 23. Rb3 f5 24. Qe2 Nf6 25. Kg2 Rad8 26. Rh1 Ne4 27. Bc2 Bc7 28. Na4
b5 29. Nc5 Nxc5 30. bxc5 a5 1/2-1/2

[Event "4MCR_4D_1L_1S"]
[Site "CR"]
[Date "2000.??.??"]
[Round "?"]
[White "Krouzel, Jaroslav"]
[Black "Rybak, Milan"]
[Result "1/2-1/2"]
[WhiteElo "2405"]
[BlackElo "2445"]
[PlyCount "42"]
[EventDate "2000.??.??"]
[EventType "tourn (corr)"]

1. d4 Nf6 2. c4 e6 3. Nc3 d5 4. Nf3 c5 5. cxd5 Nxd5 6. e4 Nxc3 7. bxc3 cxd4 8.
cxd4 Bb4+ 9. Bd2 Bxd2+ 10. Qxd2 O-O 11. Bd3 b6 12. O-O Bb7 13. Rfd1 Nc6 14. d5
Na5 15. Qf4 Qf6 16. Qxf6 gxf6 17. dxe6 fxe6 18. Kf1 Rac8 19. Rac1 Rxc1 20. Rxc1
Rd8 21. Ke2 Nc6 1/2-1/2

[Event "4MCR_4D_1L_1S"]
[Site "CR"]
[Date "2000.??.??"]
[Round "?"]
[White "Krouzel, Jaroslav"]
[Black "Spal, Milan"]
[Result "1/2-1/2"]
[WhiteElo "2405"]
[BlackElo "2440"]
[PlyCount "50"]
[EventDate "2000.??.??"]
[EventType "tourn (corr)"]

1. d4 Nf6 2. c4 c5 3. d5 e6 4. Nc3 exd5 5. cxd5 d6 6. e4 g6 7. f4 Bg7 8. Bb5+
Nfd7 9. a4 O-O 10. Nf3 Na6 11. O-O Nc7 12. Bd3 a6 13. Kh1 Rb8 14. f5 b5 15.
axb5 Nxb5 16. Bg5 Bf6 17. Bxf6 Qxf6 18. Qd2 Nd4 19. Nxd4 Qxd4 20. Qe2 Ne5 21.
Bxa6 Bxa6 22. Rxa6 Nd3 23. Nd1 Ra8 24. Rxa8 Rxa8 25. fxg6 hxg6 1/2-1/2

[Event "4MCR_4D_1L_1S"]
[Site "CR"]
[Date "2000.??.??"]
[Round "?"]
[White "Merlicek, Jiri"]
[Black "Boukal, Petr"]
[Result "1/2-1/2"]
[WhiteElo "2380"]
[BlackElo "2450"]
[PlyCount "71"]
[EventDate "2000.??.??"]
[EventType "tourn (corr)"]

1. e4 e6 2. d4 d5 3. Nc3 Bb4 4. e5 c5 5. a3 Bxc3+ 6. bxc3 Ne7 7. Qg4 Qc7 8.
Qxg7 Rg8 9. Qxh7 cxd4 10. Ne2 Nbc6 11. f4 Bd7 12. Qd3 dxc3 13. Nxc3 a6 14. Rb1
Na5 15. h4 Nf5 16. Rh3 O-O-O 17. h5 Nc4 18. Rb4 Bc6 19. h6 Rg6 20. h7 Rh8 21.
Ne2 Rg7 22. Rh5 Bb5 23. Qh3 Qc5 24. Rb3 d4 25. g4 Nfe3 26. Nxd4 Qxd4 27. Bxe3
Nxe3 28. Rxe3 Bxf1 29. Kxf1 Qd1+ 30. Re1 Qxc2 31. Qe3 Qc4+ 32. Kf2 Kb8 33. Kg3
Rgxh7 34. Rxh7 Rxh7 35. Rd1 Rh8 36. Qd3 1/2-1/2

[Event "4MCR_4D_1L_1S"]
[Site "CR"]
[Date "2000.??.??"]
[Round "?"]
[White "Merlicek, Jiri"]
[Black "Dufek, Jiri"]
[Result "1/2-1/2"]
[WhiteElo "2380"]
[BlackElo "2400"]
[PlyCount "100"]
[EventDate "2000.??.??"]
[EventType "tourn (corr)"]

1. d4 Nf6 2. Nf3 e6 3. c4 b6 4. g3 Ba6 5. b3 Bb4+ 6. Bd2 Be7 7. Bg2 c6 8. Bc3
d5 9. Ne5 Nfd7 10. Nxd7 Nxd7 11. Nd2 O-O 12. O-O Rc8 13. e4 b5 14. Re1 dxc4 15.
bxc4 bxc4 16. Qa4 Bb5 17. Qc2 Re8 18. a4 Ba6 19. Rad1 Bf8 20. Re3 c5 21. d5
exd5 22. exd5 Rxe3 23. fxe3 Qg5 24. Qe4 Nb6 25. Nf3 Qg6 26. Qxg6 hxg6 27. a5
Na4 28. Rc1 Re8 29. Kf2 Nxc3 30. Rxc3 Rb8 31. Bf1 Rb2+ 32. Ke1 Bd6 33. Bxc4 Bc7
34. Kd1 Bxa5 35. Rc1 Bb7 36. Rc2 Rb1+ 37. Rc1 Rxc1+ 38. Kxc1 Kf8 39. Ne5 Ke7
40. Kc2 Bc7 41. Nc6+ Bxc6 42. dxc6 f5 43. Kb3 Kd6 44. Bf7 g5 45. Bg6 Ke5 46.
Kc4 Bb6 47. h3 a6 48. Bh7 g4 49. hxg4 fxg4 50. Bc2 Ke6 1/2-1/2

[Event "4MCR_4D_1L_1S"]
[Site "CR"]
[Date "2000.??.??"]
[Round "?"]
[White "Merlicek, Jiri"]
[Black "Hlavac, Rudolf"]
[Result "1-0"]
[WhiteElo "2380"]
[BlackElo "2325"]
[PlyCount "91"]
[EventDate "2000.??.??"]
[EventType "tourn (corr)"]

1. e4 c5 2. Nf3 Nc6 3. d4 cxd4 4. Nxd4 Nf6 5. Nc3 e5 6. Ndb5 d6 7. Bg5 a6 8.
Na3 b5 9. Nd5 Be7 10. Bxf6 Bxf6 11. c3 O-O 12. Nc2 Bg5 13. a4 bxa4 14. Rxa4 a5
15. Bb5 Ne7 16. Ncb4 Be6 17. Nxe7+ Qxe7 18. Bc6 Rac8 19. Rxa5 Rxc6 20. Nxc6 Qb7
21. h4 Bf6 22. Qxd6 Rc8 23. Ra6 Kh8 24. Ra7 Qxc6 25. Qxc6 Rxc6 26. Ra8+ Bc8 27.
Kd2 g6 28. b4 Kg7 29. b5 Rc5 30. Rb8 Be7 31. b6 Bd6 32. Ra8 Bb7 33. Rd8 Rc6 34.
Rb1 Kf6 35. Re8 h5 36. f3 Rc5 37. Kc2 Rc6 38. Rb5 Bc5 39. Kb3 Bf2 40. f4 exf4
41. e5+ Kf5 42. Re7 Rxb6 43. Rxf7+ Ke4 44. Rxb7 Rxb7 45. Rxb7 Kxe5 46. c4 1-0

[Event "4MCR_4D_1L_1S"]
[Site "CR"]
[Date "2000.??.??"]
[Round "?"]
[White "Merlicek, Jiri"]
[Black "Hostinsky, Jiri"]
[Result "1/2-1/2"]
[WhiteElo "2380"]
[BlackElo "2420"]
[PlyCount "85"]
[EventDate "2000.??.??"]
[EventType "tourn (corr)"]

1. d4 Nf6 2. c4 g6 3. Nc3 Bg7 4. e4 d6 5. Nf3 O-O 6. Be2 e5 7. O-O Qe8 8. dxe5
dxe5 9. Be3 Na6 10. h3 b6 11. a3 Bb7 12. Qc2 Nh5 13. b4 Nf4 14. c5 Nxe2+ 15.
Qxe2 f5 16. Qc4+ Kh8 17. Rad1 Nb8 18. b5 f4 19. Bc1 c6 20. cxb6 axb6 21. Rd6
cxb5 22. Nxb5 Ra5 23. Rxb6 Ba6 24. a4 Qd8 25. Re6 Qc8 26. Qb3 Bxb5 27. axb5
Rxb5 28. Qxb5 Qxe6 29. Bb2 Nc6 30. Qd5 Re8 31. Rc1 Nd4 32. Nxd4 Qxd5 33. exd5
exd4 34. Rd1 Rd8 35. Bxd4 Bxd4 36. Rxd4 Kg7 37. h4 Kf6 38. Rxf4+ Ke5 39. Rf7 h5
40. Kh2 Rxd5 41. f3 Rd4 42. Kh3 Ke6 43. Rf8 1/2-1/2

[Event "4MCR_4D_1L_1S"]
[Site "CR"]
[Date "2000.??.??"]
[Round "?"]
[White "Merlicek, Jiri"]
[Black "Janous, Petr"]
[Result "1-0"]
[WhiteElo "2380"]
[BlackElo "2195"]
[PlyCount "97"]
[EventDate "2000.??.??"]
[EventType "tourn (corr)"]

1. d4 d5 2. c4 e6 3. Nc3 c6 4. Nf3 Nf6 5. Bg5 dxc4 6. e4 b5 7. e5 h6 8. Bh4 g5
9. Nxg5 hxg5 10. Bxg5 Nbd7 11. exf6 Bb7 12. g3 c5 13. d5 Nxf6 14. Bg2 Bh6 15.
Bxf6 Qxf6 16. Ne4 Qe5 17. dxe6 Rd8 18. exf7+ Kxf7 19. Qf3+ Ke7 20. O-O Bxe4 21.
Qxe4 Qxe4 22. Bxe4 Rd2 23. a4 b4 24. Rfe1 Kf7 25. Rac1 Bg7 26. Red1 Rxd1+ 27.
Rxd1 Ke7 28. Bd5 Rd8 29. Re1+ Kf8 30. Bxc4 Bxb2 31. Re4 Rd1+ 32. Kg2 Rc1 33. h4
Rc2 34. Rf4+ Ke8 35. g4 Bc1 36. Bb5+ Ke7 37. Re4+ Kd6 38. Bc4 Rc3 39. Bf7 b3
40. Re6+ Kd7 41. Ra6 b2 42. Bg6 Rb3 43. Bb1 Ra3 44. h5 Ke7 45. Rxa7+ Kf8 46.
Bg6 Ra1 47. a5 b1=Q 48. Bxb1 Rxb1 49. Rc7 1-0

[Event "4MCR_4D_1L_1S"]
[Site "CR"]
[Date "2000.??.??"]
[Round "?"]
[White "Merlicek, Jiri"]
[Black "Necesany, Zdenek"]
[Result "1-0"]
[WhiteElo "2380"]
[BlackElo "2195"]
[PlyCount "53"]
[EventDate "2000.??.??"]
[EventType "tourn (corr)"]

1. d4 Nf6 2. c4 e6 3. Nf3 b6 4. g3 Bb7 5. Bg2 Be7 6. O-O O-O 7. Nc3 Ne4 8. Bd2
Bf6 9. Rc1 Nxc3 10. Bxc3 d5 11. Ne5 Nd7 12. cxd5 exd5 13. Qa4 Nxe5 14. dxe5 Bg5
15. Rcd1 c6 16. e4 Qc7 17. exd5 cxd5 18. Bxd5 Rfd8 19. Bxb7 Qxb7 20. Qg4 h6 21.
Rd6 Qc8 22. Rxd8+ Qxd8 23. Rd1 Qf8 24. Rd7 Re8 25. Rxa7 Re6 26. Qa4 Bd8 27. Ra8
1-0

[Event "4MCR_4D_1L_1S"]
[Site "CR"]
[Date "2000.??.??"]
[Round "?"]
[White "Merlicek, Jiri"]
[Black "Omelka, Roman"]
[Result "1/2-1/2"]
[WhiteElo "2380"]
[BlackElo "2260"]
[PlyCount "48"]
[EventDate "2000.??.??"]
[EventType "tourn (corr)"]

1. e4 e5 2. Nf3 Nc6 3. Bb5 a6 4. Ba4 Nf6 5. O-O Nxe4 6. d4 b5 7. Bb3 d5 8. dxe5
Be6 9. Nbd2 Nc5 10. c3 d4 11. Bxe6 Nxe6 12. cxd4 Ncxd4 13. a4 Rb8 14. axb5 axb5
15. Ne4 Qd5 16. Nxd4 Nxd4 17. Nc3 Qc4 18. Be3 Bc5 19. Qg4 Ne6 20. Qxc4 bxc4 21.
Nd5 O-O 22. Bxc5 Nxc5 23. Rac1 Nd3 24. Rxc4 Nxe5 1/2-1/2

[Event "4MCR_4D_1L_1S"]
[Site "CR"]
[Date "2000.??.??"]
[Round "?"]
[White "Necesany, Zdenek"]
[Black "Boukal, Petr"]
[Result "1/2-1/2"]
[WhiteElo "2195"]
[BlackElo "2450"]
[PlyCount "106"]
[EventDate "2000.??.??"]
[EventType "tourn (corr)"]

1. c4 Nf6 2. Nc3 g6 3. d4 Bg7 4. e4 d6 5. Nf3 O-O 6. h3 Na6 7. Bg5 Qe8 8. Bd3
e5 9. O-O exd4 10. Nxd4 Nc5 11. Re1 h6 12. Be3 Nxd3 13. Qxd3 Qd8 14. Rad1 Re8
15. f3 b6 16. Qd2 Kh7 17. b3 Bb7 18. Ndb5 a6 19. Na3 Qd7 20. Bd4 Re7 21. Nd5
Nxd5 22. cxd5 Bxd4+ 23. Qxd4 f5 24. exf5 gxf5 25. Rxe7+ Qxe7 26. Nc2 Rg8 27.
Ne3 Qg5 28. Qd3 Bc8 29. Rc1 Rg7 30. Rc2 Kg8 31. Qd4 a5 32. h4 Qg6 33. Qf4 Re7
34. a3 Kg7 35. Rc1 Qf6 36. Kh2 Kf8 37. Rc2 Ke8 38. g3 Kd8 39. b4 a4 40. Kg2 Bd7
41. Kf2 Qg6 42. Qc4 Bc8 43. Re2 Bd7 44. Rc2 Bc8 45. f4 Rg7 46. Nf1 Qf6 47. b5
Bb7 48. Rd2 Qf7 49. Qd3 Rg8 50. Ne3 Bc8 51. Qc4 Qg7 52. Nf1 Re8 53. Qxa4 Qa1
1/2-1/2

[Event "4MCR_4D_1L_1S"]
[Site "CR"]
[Date "2000.??.??"]
[Round "?"]
[White "Necesany, Zdenek"]
[Black "Dufek, Jiri"]
[Result "0-1"]
[WhiteElo "2195"]
[BlackElo "2400"]
[PlyCount "50"]
[EventDate "2000.??.??"]
[EventType "tourn (corr)"]

1. c4 e5 2. Nc3 Nc6 3. g3 g6 4. Bg2 Bg7 5. e3 d6 6. Nge2 Nge7 7. O-O O-O 8. d3
Bg4 9. h3 Be6 10. Nd5 Qd7 11. Kh2 f5 12. f4 Rae8 13. Nec3 Nd8 14. fxe5 dxe5 15.
Nxe7+ Rxe7 16. Qc2 Ref7 17. b3 c5 18. Bb2 Nc6 19. Nd5 Ne7 20. Rad1 Bxd5 21.
cxd5 f4 22. e4 fxg3+ 23. Kxg3 Qd6 24. Rxf7 Rxf7 25. Rf1 Nf5+ 0-1